Statistics for Lakes on Borders

Click here to take the quiz!

General Stats

  • This quiz has been taken 35 times
  • The average score is 8 of 16

Answer Stats

BorderLake% Correct
Bolivia and PeruTiticaca
87%
Israel and JordanDead Sea
83%
Michigan and OntarioHuron
83%
New York and OntarioOntario
80%
France and SwitzerlandGeneva
77%
California and NevadaTahoe
67%
Kazakhstan and UzbekistanAral Sea
67%
Buryatia and IrkutskBaikal
63%
D.R. Congo and UgandaAlbert
50%
Ethiopia and KenyaTurkana
33%
D.R. Congo and RwandaKivu
30%
D.R. Congo and UgandaEdward
30%
D.R. Congo and ZambiaMweru
27%
Estonia and RussiaPeipus
27%
Alberta and SaskatchewanAthabasca
20%
Argentina and ChileBuenos Aires
17%

Score Distribution

Percentile by Number Answered

Percent of People with Each Score

Your Score History

You have not taken this quiz